| 000 | 00498nam a2200217Ia 4500 | ||
|---|---|---|---|
| 008 | 170918s9999 xx 000 0 und d | ||
| 020 | _a9780141323503 | ||
| 050 | _bB477ma 2008 | ||
| 100 | _aBentley, Sue | ||
| 245 | 2 | _aA new beginning / | |
| 245 | _ba new beginning / | ||
| 245 | _cby Sue Bentley. | ||
| 260 | _aEngland : | ||
| 260 | _bPuffin, | ||
| 260 | _c2008 | ||
| 300 | _a116 pages : | ||
| 300 | _billustrations ; | ||
| 300 | _c19cm. | ||
| 300 | _eMagic puppy ; | ||
| 440 | _a1 | ||
| 999 |
_c343869 _d343869 |
||